• 首页
  • 本馆介绍
  • 公告通知
  • 最新文献
  • 馆藏检索
  • 电子资源
  • 读者导购
  • 参考咨询
  • 我的图书馆
  • 登录
  • 详细信息显示
  • 放入我的书架
  • 预约/预借图书
  • 作者相关作品
  • 分类相关作品
  • 丛书相关作品
  • 出版社相关作品

书目信息

  • 表格格式
  • 工作单格式
  • 卡片格式
题名:
里耶秦簡牘校釋
    
 
作者: 陈伟 主编 ;鲁家亮 , 何有祖 , 凡国栋 撰著
分册: 第二卷  
出版信息: 武汉   武漢大學出版社  2018
页数: 618页
开本: 24cm
丛书名:
单 册:
中图分类: K877.54
科图分类:
主题词: 簡 (考古)--研究--龍山縣--秦代
电子资源:
ISBN: 978-7-307-11712-9
000 01395nam0 2200361 45
001 012001006007
005 20191125091529.07
010    @a978-7-307-11712-9@b精装@dCNY158.00
099    @aCAL 012019078269
100    @a20190617d2018 ekmy0chiy50 ea
101 0  @achi
102    @aCN@b420000
105    @aak a 000yy
106    @ar
200 1  @a里耶秦簡牘校釋@h第二卷@f陳偉 主編著@g撰著 魯家亮, 何有祖, 凡國棟
210    @a武汉@c武漢大學出版社@d2018
215    @a618页@c图@d24cm
300    @a国家社会科学基金重大项目“云梦睡虎地77号西汉墓出土简牍整理与研究”(16ZDA115) 成果
300    @a“十二五”国家重点图书
320    @a有书目 (589-617页)
330    @a本书通过一封书信的形式,将学生对父母想要说的话,想要表达的情感展现出来。以一种平等的身份来真诚地和父母交流。谈谈自己对大学生活、学习的感悟和理解;谈谈自己对父母亲情的感恩感激;谈谈自己对大学生活以及未来生活的规划。在这次内心的交流中,让父母看到自己儿女的成熟与进步,让父母了解到自己儿女内心的真实想法与情感,让学生通过这种家书形式来一次心灵上的洗礼。
518 1  @a里耶秦简牍校释
606 0  @a簡 (考古)@x研究@y龍山縣@z秦代
690    @aK877.54@v5
701  0 @a陈伟@4主编
702  0 @a鲁家亮@4撰著
702  0 @a何有祖@4撰著
702  0 @a凡国栋@4撰著
730 1  @a陳偉@4主编
730 1  @a魯家亮@4撰著
730 1  @a凡國棟@4撰著
801  0 @aCN@b上海新华@c20191020
905    @b1098423-4@dK877.54@e413:2@f2
    
    里耶秦簡牘校釋.第二卷/陳偉 主編著/撰著 魯家亮, 何有祖, 凡國棟.-武汉:武漢大學出版社,2018
    618页:图;24cm
    国家社会科学基金重大项目“云梦睡虎地77号西汉墓出土简牍整理与研究”(16ZDA115) 成果.-“十二五”国家重点图书
    
    ISBN 978-7-307-11712-9(精装):CNY158.00
    本书通过一封书信的形式,将学生对父母想要说的话,想要表达的情感展现出来。以一种平等的身份来真诚地和父母交流。谈谈自己对大学生活、学习的感悟和理解;谈谈自己对父母亲情的感恩感激;谈谈自己对大学生活以及未来生活的规划。在这次内心的交流中,让父母看到自己儿女的成熟与进步,让父母了解到自己儿女内心的真实想法与情感,让学生通过这种家书形式来一次心灵上的洗礼。
●
相关链接 在E读中查询图书 在五车中查询图书 在当当中查询图书 在豆瓣中查询图书


正题名:里耶秦簡牘校釋     索取号:K877.54/413:2         预约/预借

序号 登录号 条形码 馆藏地/架位号 状态 备注
1 1098423   210984238   第二样本阅览室/ [索取号:K877.54/413:2] 在馆    
2 1098424   210984247   第二借阅区/ [索取号:K877.54/413:2] 在馆    
唐山师范学院图书馆 欢迎您!
大连网信软件有限公司© 版权所有